000 00666nam a22001817a 4500
008 120125t xxu||||| |||| 00| 0 eng d
020 _a0760010919
050 _aHD30.213.O314
100 _aOz, Effy
245 _aManagement information systems /
_cEffy, Oz
250 _a2nd ed.
260 _aAustralia:
_bThomson,
_cc2000.
300 _axxiv, 688 p.
_bill (some col.)
_c28cm.
500 _aIncludes index.
505 _aContents: The Information age -- Information technology -- Information technology in management -- Information systems in decision making -- Planning, acquisition, and controls.
650 _aManagement information systems.
942 _2lcc
_cBK
999 _c466
_d7966